000
00313nam a2200121Ia 4500
008
220204s9999 xx 000 0 und d
082
_a
631.8:632.95(035)
_b
MEI
100
_a
MEISTER, Edward L
245
0
_a
Farm chemicals handbook
260
_a
Willanghby
_b
Meister
_c
1977
650
_a
Farm chemicals
942
_c
BK
999
_c
24991
_d
24991